<?xml version="1.0" encoding="UTF-8"?>
<record
    xmlns:xsi="http://www.w3.org/2001/XMLSchema-instance"
    xsi:schemaLocation="http://www.loc.gov/MARC21/slim http://www.loc.gov/standards/marcxml/schema/MARC21slim.xsd"
    xmlns="http://www.loc.gov/MARC21/slim">

  <leader>01574nam a22001577a 4500</leader>
  <datafield tag="999" ind1=" " ind2=" ">
    <subfield code="c">524965</subfield>
    <subfield code="d">524965</subfield>
  </datafield>
  <controlfield tag="008">240202b           ||||| |||| 00| 0 eng d</controlfield>
  <datafield tag="100" ind1=" " ind2=" ">
    <subfield code="a">Khanedekar, Deepak </subfield>
    <subfield code="9">48358</subfield>
  </datafield>
  <datafield tag="245" ind1=" " ind2=" ">
    <subfield code="a">Policy framework of mission Karmayogi</subfield>
  </datafield>
  <datafield tag="260" ind1=" " ind2=" ">
    <subfield code="a">ISTM Journal of Training Research and Governance  </subfield>
  </datafield>
  <datafield tag="300" ind1=" " ind2=" ">
    <subfield code="a">1(2), Aug, 2021: p.1-14</subfield>
  </datafield>
  <datafield tag="520" ind1=" " ind2=" ">
    <subfield code="a">Civil Services are at the epicentre of all the Government activities. Civil Services are mandated to lead the efficient delivery of public goods to the citizens of the country. With the challenges emanating from disruptions like pandemic and need to accelerate the pace of economic development, there is a clear need to keep the services fully prepared and trained. We need to have a civil service that is well trained, well-rounded, prepared, fit for action, fit for future and such a civil service would be critical in achieving our national goals of creating an Atmanirbhar Bharat as articulated by our Hon&#x2019;ble Prime Minister. The national programme for Civil Services Capacity Building (NPCSCB) aims at promoting citizen centred governance by initiating a significant change in competency driven training programs and Human Resource (HR) management of officials by transitioning from a &#x2018;rule-based&#x2019; system to the &#x2018;role-based&#x2019; learning system.- Reproduced 
https://www.istm.gov.in/home/rti_disclosure/235
</subfield>
  </datafield>
  <datafield tag="650" ind1=" " ind2=" ">
    <subfield code="a">Mission Karmayogi, National Programme for Civil Services Capacity Building, NPCSCB</subfield>
    <subfield code="9">48359</subfield>
  </datafield>
  <datafield tag="773" ind1=" " ind2=" ">
    <subfield code="a">ISTM Journal of Training Research and Governance  </subfield>
  </datafield>
  <datafield tag="906" ind1=" " ind2=" ">
    <subfield code="a">CIVIL SERVICES</subfield>
  </datafield>
  <datafield tag="942" ind1=" " ind2=" ">
    <subfield code="c">AR</subfield>
  </datafield>
  <datafield tag="952" ind1=" " ind2=" ">
    <subfield code="0">0</subfield>
    <subfield code="1">0</subfield>
    <subfield code="2">ddc</subfield>
    <subfield code="4">0</subfield>
    <subfield code="7">0</subfield>
    <subfield code="9">400012</subfield>
    <subfield code="a">IIPA</subfield>
    <subfield code="b">IIPA</subfield>
    <subfield code="d">2024-02-02</subfield>
    <subfield code="h">1(2), Aug, 2021: p.1-14</subfield>
    <subfield code="p">AR130774</subfield>
    <subfield code="r">2024-02-02</subfield>
    <subfield code="y">AR</subfield>
  </datafield>
</record>
